000 00511cam a2200145 4500500
005 20251228082905.0
041 _afre
042 _adc
100 1 0 _aVan Damme, Stéphane
_eauthor
245 0 0 _aLes jésuites lyonnais et l'espace européen de la presse savante (1690-1714)
260 _c2005.
500 _a54
786 0 _nDix-septième siècle | 228 | 3 | 2005-09-01 | p. 499-511 | 0012-4273
856 4 1 _uhttps://shs.cairn.info/revue-dix-septieme-siecle-2005-3-page-499?lang=fr&redirect-ssocas=7080
999 _c1600015
_d1600015